000 00544nam a22002177a 4500
003 UA-OsUOA
001 131596
007 ta
008 20180611b un ||||| |||| 00| 0 ukr d
100 _aМочерняк І.
090 _a908
_bМ86
942 _cSA
040 _aUA-OsUOA
_bukr
_cUA-OsUOA
_dUA-OsUOA
245 _aМандрували "Стежками князів Острозьких"
300 _aС.9
955 _a0
041 _aukr
080 _a908
773 0 _w131595
650 7 _a908 Краєзнавство
_2UDC
999 _c419866
_d419866